书目信息 |
| 题名: |
历史选择了毛泽东
|
|
| 作者: | 叶永烈 著 | |
| 分册: | ||
| 出版信息: | 北京 人民日报出版社 1999 |
|
| 页数: | 513页 | |
| 开本: | 21cm | |
| 丛书名: | 叶永烈文集 | |
| 单 册: | ||
| 中图分类: | I253 , A751 | |
| 科图分类: | ||
| 主题词: | 报告文学 , 报告文学--中国--现代 , 毛泽东--生平事迹 , 毛泽东--传记 | |
| 电子资源: | ||
| ISBN: | 7-80153-103-5 | |
| 000 | 00917nam2 2200325 450 | |
| 001 | 1230431516 | |
| 005 | 20120928083039.82 | |
| 010 | @a7-80153-103-5@dCNY29.80 | |
| 100 | @a20021005d1999 em y0chiy0110 ea | |
| 101 | 0 | @achi |
| 102 | @aCN@b110000 | |
| 105 | @af z 000zd | |
| 106 | @ar | |
| 200 | 1 | @a历史选择了毛泽东@Ali shi xuan ze le mao ze dong@f叶永烈著 |
| 210 | @a北京@c人民日报出版社@d1999 | |
| 215 | @a513页@c照片@d21cm | |
| 225 | 2 | @a叶永烈文集@v2@i纪实类 |
| 300 | @a本书原名:毛泽东之初 | |
| 300 | @a“红色三部曲”之二 | |
| 410 | 0 | @12001 @a叶永烈文集 |
| 517 | 1 | @a毛泽东之初@Amao ze dong zhi chu |
| 606 | 0 | @a报告文学 |
| 606 | 0 | @a报告文学@y中国@z现代 |
| 606 | 0 | @a毛泽东@x生平事迹 |
| 606 | 0 | @a毛泽东@x传记 |
| 690 | @aI253@v3 | |
| 690 | @aA751@v4 | |
| 701 | 0 | @a叶永烈@f(1940~)@Aye yong lie@4著 |
| 801 | 0 | @aCN@bNLC@c19990514 |
| 905 | @a10447@dA751@eJY26 | |
| 历史选择了毛泽东/叶永烈著 .-北京:人民日报出版社,1999 |
| 513页:照片;21cm .-(叶永烈文集;2.纪实类 ) |
| 本书原名:毛泽东之初.-“红色三部曲”之二 |
| ISBN 7-80153-103-5:CNY29.80 |
| ● |
| 相关链接 |
|
|
|
|
正题名:历史选择了毛泽东
索取号:A751/JY26
 
预约/预借
| 序号 | 登录号 | 条形码 | 馆藏地/架位号 | 状态 | 备注 |
| 1 | 7814980 | 278149807 | 学院路分馆/ [索取号:A751/JY26] | 在馆 | |
| 2 | 7814981 | 278149816 | 学院路分馆/ [索取号:A751/JY26] | 在馆 | |
| 3 | 7814982 | 278149825 | 学院路分馆/ [索取号:A751/JY26] | 在馆 | |
| 4 | 7814983 | 278149834 | 学院路分馆/ [索取号:A751/JY26] | 在馆 |